[Event "Astana Zhuldyzdary Open A"]
[Site "Astana KAZ"]
[Date "2023.07.17"]
[Round "9.31"]
[White "Begmuratov, Khumoyun"]
[Black "Ulkhanov, Azamat"]
[Result "1-0"]
[WhiteTitle "FM"]
[WhiteElo "2391"]
[BlackElo "2064"]
[WhiteFideId "14210207"]
[BlackFideId "13700235"]
[EventDate "2023.07.11"]

1. e4 e6 2. d4 d5 3. Nc3 Nf6 4. e5 Nfd7 5. f4 c5 6. Nf3 Nc6 7. Be3 Be7 8. Qd2
O-O 9. Be2 f6 10. exf6 Bxf6 11. dxc5 Qe7 12. O-O Nxc5 13. Nd4 Bd7 14. Nf5 Qd8
15. Bxc5 Bxc3 16. Nh6+ gxh6 17. bxc3 Rf5 18. Rf3 b6 19. Rg3+ Kf7 20. Bg4 Qf6 21.
Bxf5 Qxf5 22. Bd4 Nxd4 23. cxd4 Rc8 24. c3 Rg8 25. Rxg8 Kxg8 26. Re1 Bb5 27. Re5
Qf6 28. h3 Be8 29. f5 Bf7 30. Qf2 exf5 31. Rxf5 Qg6 32. Rf6 Qh5 33. g4 Qxh3 34.
Rf3 1-0

[Event "Astana Zhuldyzdary Open A"]
[Site "Astana KAZ"]
[Date "2023.07.17"]
[Round "9.32"]
[White "Mazhkenov, Alisher"]
[Black "Kuderinov, Kirill"]
[Result "0-1"]
[BlackTitle "IM"]
[WhiteElo "2119"]
[BlackElo "2386"]
[WhiteFideId "13718983"]
[BlackFideId "13701568"]
[EventDate "2023.07.11"]

1. e4 Na6 2. d4 c5 3. Nc3 cxd4 4. Qxd4 e6 5. Bf4 Ne7 6. O-O-O Nc6 7. Qd2 Be7 8.
Bd6 O-O 9. f4 Nc7 10. Nf3 a6 11. Bxe7 Qxe7 12. Qd6 Qd8 13. Nd4 Nxd4 14. Qxd4 b5
15. Be2 Rb8 16. Bf3 Na8 17. Kb1 Nb6 18. Rd3 Bb7 19. a3 Bc6 20. Rhd1 b4 21. Ne2
Bb5 22. R3d2 Nc4 23. Rd3 Qc7 24. e5 Rfc8 25. Rc1 Nxa3+ 26. bxa3 Bxd3 27. Qxd3
bxa3+ 28. Ka1 Qb6 29. Qb3 Qc5 30. Qd3 Rb2 31. Qxd7 Rcb8 32. Rd1 Ra2+ 0-1

[Event "Astana Zhuldyzdary Open A"]
[Site "Astana KAZ"]
[Date "2023.07.17"]
[Round "9.33"]
[White "Amirali, Abzal"]
[Black "Suyarov, Mukhammadzokhid"]
[Result "1/2-1/2"]
[BlackTitle "FM"]
[WhiteElo "2062"]
[BlackElo "2366"]
[WhiteFideId "13733346"]
[BlackFideId "14210495"]
[EventDate "2023.07.11"]

1. c4 e5 2. Nc3 Nc6 3. Nf3 Nf6 4. e3 Bb4 5. Qc2 Bxc3 6. Qxc3 Qe7 7. b3 d5 8. d4
e4 9. Ne5 O-O 10. Nxc6 bxc6 11. Qa5 Re8 12. Ba3 Qd8 13. Rc1 Bd7 14. Be2 h5 15.
h3 h4 16. Kd2 Qb8 17. Bb4 Qb6 18. Bc3 Be6 19. Rhg1 g6 20. g4 Nh7 21. g5 Qb7 22.
f4 exf3 23. Bxf3 Rad8 24. e4 dxe4 25. Bxe4 Bd5 26. Bxd5 cxd5 27. cxd5 Rxd5 28.
Qa4 Re6 29. Rge1 Rdd6 30. Kc2 Nxg5 31. d5 Rf6 32. Re8+ Kg7 33. Qxh4 Nh7 34.
Bxf6+ Rxf6 35. Qd4 Qa6 36. Kb2 Ng5 37. h4 Nf3 38. Qc3 Qb5 39. h5 gxh5 40. Re3
Qxd5 41. Rf1 Nd4 42. Rg3+ Rg6 43. Rxg6+ Kxg6 44. Rd1 c5 45. b4 Qb7 46. Qg3+ Kh7
47. Qd3+ f5 48. a3 a5 49. Qc3 axb4 50. axb4 Ne6 51. Re1 Nf4 52. Kb1 Nd5 53. Qxc5
Qxb4+ 54. Qxb4 Nxb4 55. Re6 Nd3 56. Kc2 Nf2 1/2-1/2

[Event "Astana Zhuldyzdary Open A"]
[Site "Astana KAZ"]
[Date "2023.07.17"]
[Round "9.34"]
[White "Bayantas, Asman"]
[Black "Danielyan, Vahe"]
[Result "0-1"]
[BlackTitle "IM"]
[WhiteElo "2046"]
[BlackElo "2346"]
[WhiteFideId "13725254"]
[BlackFideId "13304828"]
[EventDate "2023.07.11"]

1. d4 Nf6 2. c4 g6 3. g3 Bg7 4. Bg2 O-O 5. Nf3 d6 6. Nc3 c6 7. O-O Bf5 8. Ne1 d5
9. cxd5 cxd5 10. Qb3 Nc6 11. Qxb7 Nxd4 12. e3 Rb8 13. Qxa7 Ne6 14. Qa6 Qd7 15.
Nf3 Nc5 16. Qa5 Rfc8 17. Rd1 Qb7 18. Nd4 Bd7 19. Nb3 Nxb3 20. axb3 Ra8 21. Nxd5
Nxd5 22. Bxd5 Bc6 0-1

[Event "Astana Zhuldyzdary Open A"]
[Site "Astana KAZ"]
[Date "2023.07.17"]
[Round "9.35"]
[White "Amirkul, Alimzhan"]
[Black "Bizhigitov, Zhangir"]
[Result "0-1"]
[BlackTitle "FM"]
[WhiteElo "1975"]
[BlackElo "2255"]
[WhiteFideId "13718428"]
[BlackFideId "13725599"]
[EventDate "2023.07.11"]

1. e4 e6 2. d4 d5 3. Nd2 c5 4. exd5 Qxd5 5. Ngf3 cxd4 6. Bc4 Qd7 7. O-O Nc6 8.
Nb3 a6 9. Nbxd4 Nxd4 10. Nxd4 Qc7 11. Bd3 Bd6 12. h3 Ne7 13. Re1 Bd7 14. Bd2
O-O-O 15. Qh5 Qc5 16. Qxc5+ Bxc5 17. Nf3 Nc6 18. Ng5 Be8 19. Bc3 Bd4 20. Bxd4
Nxd4 21. Rad1 h6 22. Ne4 Bc6 23. c3 Nf5 24. Bc2 Kc7 25. a4 a5 26. Kf1 b6 27. b3
Nh4 28. f3 Nf5 29. Kf2 Ne7 30. Ng3 Nd5 31. Ne2 g5 32. Be4 Rd7 33. Bxd5 Rxd5 34.
Rxd5 Bxd5 35. Nd4 Rd8 36. Re2 Rd7 37. Ke1 Kd8 38. Rb2 Ke7 39. Ke2 Kf6 40. Nc2
Bb7 41. Ne3 h5 42. Rb1 Ba6+ 43. c4 Rd4 44. Nc2 Rd6 45. Ne3 Ke5 46. h4 gxh4 47.
Rh1 Rd4 48. Nc2 Bxc4+ 49. bxc4 Rxc4 50. Kd3 Rxa4 51. Rb1 Kf4 52. Rxb6 Kg3 53.
Rb5 Kxg2 54. Rxh5 Kxf3 55. Nd4+ Kg4 56. Rh7 e5 57. Rg7+ Kh3 58. Nf5 Rf4 59. Rxf7
a4 60. Ke2 a3 0-1

[Event "Astana Zhuldyzdary Open A"]
[Site "Astana KAZ"]
[Date "2023.07.17"]
[Round "9.36"]
[White "Tkachyov, Adil"]
[Black "Balabayeva, Xeniya"]
[Result "0-1"]
[BlackTitle "WIM"]
[WhiteElo "1979"]
[BlackElo "2239"]
[WhiteFideId "13713558"]
[BlackFideId "13719688"]
[EventDate "2023.07.11"]

1. d4 Nf6 2. c4 e6 3. Nc3 Bb4 4. e3 O-O 5. Ne2 d5 6. a3 Be7 7. cxd5 exd5 8. Nf4
c6 9. Bd3 Re8 10. O-O a5 11. Qc2 Nbd7 12. f3 Nf8 13. Kh1 Ne6 14. g4 g6 15. Qe2
Nxf4 16. exf4 Qb6 17. Qf2 Nd7 18. Re1 Nf8 19. f5 Bd7 20. Na4 Qb3 21. Nc3 Bf6 22.
Bf4 Qb6 23. Ne2 Qxb2 24. Reb1 Rxe2 25. Bxe2 Qxd4 26. Be3 Qe5 27. Rd1 gxf5 28.
gxf5 Bg7 29. Bd4 Qf4 30. Bxg7 Kxg7 31. Rd4 Qd6 32. Bd3 c5 33. Rh4 0-1

[Event "Astana Zhuldyzdary Open A"]
[Site "Astana KAZ"]
[Date "2023.07.17"]
[Round "9.37"]
[White "Sarzhanov, Chingizkhan"]
[Black "Khamdamova, Afruza"]
[Result "1/2-1/2"]
[BlackTitle "WFM"]
[WhiteElo "1889"]
[BlackElo "2222"]
[WhiteFideId "13724991"]
[BlackFideId "14210444"]
[EventDate "2023.07.11"]

1. d4 Nf6 2. Nf3 c5 3. c3 cxd4 4. cxd4 d5 5. Nc3 Nc6 6. Bf4 a6 7. e3 Bf5 8. Bd3
Bxd3 9. Qxd3 e6 10. O-O Be7 11. Bg5 O-O 12. Bxf6 Bxf6 13. Na4 Be7 14. Rac1 Rc8
15. Nc5 Bxc5 16. Rxc5 Ne7 17. Rfc1 Rxc5 18. Rxc5 Qb6 19. Qc3 Nf5 20. Ne5 Rd8 21.
a4 f6 22. a5 Qd6 23. Nd3 Kf7 24. Rc8 Rxc8 25. Qxc8 Qe7 26. Nc5 Nd6 27. Qh8 h6
28. Qb8 e5 29. Kf1 exd4 30. exd4 Nc4 31. Qxb7 Qxb7 32. Nxb7 Nxb2 1/2-1/2

[Event "Astana Zhuldyzdary Open A"]
[Site "Astana KAZ"]
[Date "2023.07.17"]
[Round "9.38"]
[White "Zvereva, Margarita"]
[Black "Loskutova, Viktoriya"]
[Result "1-0"]
[WhiteTitle "WFM"]
[BlackTitle "WFM"]
[WhiteElo "1857"]
[BlackElo "2185"]
[WhiteFideId "34177741"]
[BlackFideId "34166278"]
[EventDate "2023.07.11"]

1. d4 Nf6 2. c4 e6 3. Nc3 Bb4 4. Qc2 d5 5. a3 Bxc3+ 6. Qxc3 O-O 7. Bg5 Nbd7 8.
e3 h6 9. Bh4 b6 10. cxd5 exd5 11. Qc6 Rb8 12. Bg3 Bb7 13. Qxc7 Qxc7 14. Bxc7
Rbc8 15. Bd6 Rfe8 16. Bd3 Ne4 17. Bg3 Ndf6 18. Ne2 a5 19. h4 Re6 20. Bf4 Rec6
21. f3 Nd6 22. Bxd6 Rxd6 23. Kd2 Re8 24. Nf4 g6 25. g4 Bc6 26. b4 a4 27. b5 Bd7
28. Rab1 Ra8 29. Rb4 Ne8 30. Rc1 Ra5 31. g5 hxg5 32. hxg5 Ra7 33. e4 dxe4 34.
fxe4 Bg4 35. e5 Rd8 36. Be4 Nc7 37. Ke3 Be6 38. Rc6 Rb8 39. Rd6 Ne8 40. Rc6 Nc7
41. d5 Bd7 42. d6 Ne6 43. Nxe6 Bxe6 44. Kd4 Kf8 45. Bd5 Ke8 46. Rbc4 Bxd5 47.
Kxd5 1-0

[Event "Astana Zhuldyzdary Open A"]
[Site "Astana KAZ"]
[Date "2023.07.17"]
[Round "9.39"]
[White "Balmagambetov, Timur"]
[Black "Moldagali, Beksultan"]
[Result "1-0"]
[WhiteElo "2143"]
[BlackElo "2050"]
[WhiteFideId "13730258"]
[BlackFideId "13734768"]
[EventDate "2023.07.11"]

1. e4 e5 2. Nf3 Nc6 3. Bb5 a6 4. Ba4 Nf6 5. O-O Be7 6. Re1 b5 7. Bb3 O-O 8. c3
d6 9. h3 Na5 10. Bc2 c5 11. d4 Qc7 12. d5 Bd7 13. b3 Nb7 14. c4 Ne8 15. Nbd2 g6
16. Nf1 Ng7 17. Bh6 f6 18. g4 Nd8 19. Ng3 Nf7 20. Bd2 a5 21. a4 bxc4 22. bxc4
Rab8 23. Kg2 Qc8 24. Nh2 Bd8 25. Rh1 Rb4 26. Bd3 Bb6 27. Nf3 Qe8 28. Bxb4 cxb4
29. Nd2 Nd8 30. c5 Bxc5 31. Nc4 Nb7 32. Ra2 Qf7 33. Qf3 Kh8 34. Nd2 Rg8 35. Kh2
Rf8 36. Kg2 Rg8 37. Ba6 Bc8 38. Rc1 Qe7 39. Nb3 f5 40. Rac2 fxg4 41. hxg4 Rf8
42. Qd1 Qh4 43. f3 Nh5 44. Nxh5 gxh5 45. Qh1 Qf6 46. Rf1 h4 47. Bxb7 Bxb7 48.
Nxc5 dxc5 49. Rxc5 h5 50. Qg1 Ba6 51. Rf2 Be2 52. Qc1 Bxf3+ 53. Kg1 Qg6 54. g5
Qxe4 55. Rc4 Qxd5 56. g6 Kg7 57. Rc7+ Kxg6 58. Kh2 Rf5 59. Rd2 Qe6 60. Rcd7 Rf6
61. Qc7 Qf5 62. Rg7+ Kh6 63. Rf2 Rc6 64. Qa7 Qf4+ 65. Kh3 Bg4+ 66. Kxh4 Bf3+ 67.
Kh3 Qf5+ 68. Kh2 e4 69. Rg3 Rg6 70. Qc7 Rxg3 71. Qxg3 Qg5 72. Qd6+ Qg6 73. Qc7
Qf6 74. Rc2 Qh4+ 75. Kg1 Qe1+ 76. Kh2 Qh1+ 77. Kg3 h4+ 78. Kf4 Bh5 79. Qd6+ Kg7
80. Rc7+ Bf7 81. Qe5+ Kg8 82. Qg5+ Kh8 83. Qf6+ 1-0

[Event "Astana Zhuldyzdary Open A"]
[Site "Astana KAZ"]
[Date "2023.07.17"]
[Round "9.40"]
[White "Bulatov, Ramil"]
[Black "Akhmedinov, Satbek"]
[Result "1-0"]
[BlackTitle "CM"]
[WhiteElo "2132"]
[BlackElo "1974"]
[WhiteFideId "4166140"]
[BlackFideId "13714287"]
[EventDate "2023.07.11"]

1. d4 Nf6 2. c4 g6 3. h4 Bg7 4. Nc3 d5 5. h5 O-O 6. hxg6 fxg6 7. cxd5 Nxd5 8. e4
Nxc3 9. bxc3 c5 10. Bc4+ e6 11. Nf3 b5 12. Bb3 Nc6 13. Bh6 Bxh6 14. Rxh6 cxd4
15. cxd4 Rf4 16. Kf1 Bb7 17. Qd2 Rxe4 18. Ng5 Qxd4 19. Rd1 Rd8 20. Qc1 Qb4 21.
Nxe4 Rxd1+ 22. Qxd1 Qxe4 23. Qd7 Qb1+ 24. Bd1 Ne5 25. Qxh7+ Kf8 26. Qh8+ Ke7 27.
Rh7+ Nf7 28. Qd4 Be4 29. Qxa7+ Kd6 30. Qd4+ Ke7 31. Kg1 Bd3 32. Qa7+ Kd6 33.
Qxf7 Qxd1+ 34. Kh2 1-0

[Event "Astana Zhuldyzdary Open A"]
[Site "Astana KAZ"]
[Date "2023.07.17"]
[Round "9.41"]
[White "Shonazarov, Orash"]
[Black "Lupolov, Boris"]
[Result "1/2-1/2"]
[WhiteElo "2018"]
[BlackElo "2121"]
[WhiteFideId "13737910"]
[BlackFideId "44130457"]
[EventDate "2023.07.11"]

1. e4 c6 2. d4 d5 3. e5 c5 4. c4 e6 5. cxd5 exd5 6. Nf3 Nc6 7. Bb5 cxd4 8. O-O
Bc5 9. Nxd4 Ne7 10. Nxc6 bxc6 11. Qc2 Qb6 12. Bd3 Bd4 13. Nc3 Ba6 14. Bxa6 Qxa6
15. Bg5 Ng6 16. Ne2 Bxe5 17. f4 Qb6+ 18. Kh1 Bf6 19. Bxf6 gxf6 20. Nd4 O-O 21.
Nf5 Rfe8 22. h4 Re4 23. Qc3 c5 24. h5 Qe6 25. Qh3 Rb8 26. b3 Rbb4 27. hxg6 hxg6
28. Ng3 Rxf4 29. Rxf4 Rxf4 30. Qxe6 fxe6 31. Kg1 Kf7 32. Rc1 c4 33. Ne2 Rg4 34.
Kf2 e5 35. Rh1 Kg7 36. Rd1 cxb3 37. Rxd5 bxa2 38. Rd7+ Kh6 39. Rxa7 Rc4 40. Rxa2
Kg5 41. Ra3 f5 42. Rg3+ Kf6 43. Rb3 Kg5 44. Re3 Kf6 45. Rb3 Kg5 46. Rb6 Rc2 47.
Re6 Rc5 48. Ng1 f4 49. Nf3+ Kf5 50. Re8 e4 51. Nd4+ Kg4 52. Rxe4 Rc4 53. Ke2 Ra4
54. Kd3 g5 55. Ne2 Ra2 56. Rc4 Rb2 57. Ra4 Rb1 58. Kd2 Rh1 59. Rb4 Rh2 60. g3
Kf3 61. Rb3+ Kg4 62. gxf4 gxf4 63. Rb4 Rf2 1/2-1/2

[Event "Astana Zhuldyzdary Open A"]
[Site "Astana KAZ"]
[Date "2023.07.17"]
[Round "9.42"]
[White "Radzhabov, Rodion"]
[Black "Nurgaliyeva, Zarina"]
[Result "1/2-1/2"]
[WhiteTitle "FM"]
[BlackTitle "WFM"]
[WhiteElo "2303"]
[BlackElo "1921"]
[WhiteFideId "884715"]
[BlackFideId "13730096"]
[EventDate "2023.07.11"]

1. e4 e5 2. Nf3 Nc6 3. Nc3 Nf6 4. Be2 d5 5. exd5 Nxd5 6. O-O Nxc3 7. bxc3 Bd6 8.
d4 O-O 9. Re1 h6 10. Rb1 Qf6 11. Bd3 exd4 12. cxd4 Bg4 13. c3 Rab8 14. h3 Bxf3
15. Qxf3 Qxf3 16. gxf3 Ne7 17. c4 b6 18. Be3 Ng6 19. Bf5 Rbd8 20. Be4 f5 21.
Bd5+ Kh7 22. Kf1 Rf6 23. Bd2 Nf4 24. Bxf4 Bxf4 25. Rbd1 Kg6 26. Be6 Rd6 27. d5
Rd8 28. Ke2 Rff8 29. Kd3 Kf6 30. Kc3 Bd6 31. Re2 Rfe8 32. Rg1 g5 33. Kb3 Rf8 34.
Ka4 a6 35. Rge1 Rfe8 36. Kb3 Rf8 37. Kc3 Rfe8 38. Rh1 Bc5 39. a4 a5 40. Kd3 Bxf2
41. Rf1 Bg3 42. Kc2 Bf4 43. Rfe1 Bg3 44. Rb1 Bd6 45. Rbe1 Bg3 46. Rf1 1/2-1/2

[Event "Astana Zhuldyzdary Open A"]
[Site "Astana KAZ"]
[Date "2023.07.17"]
[Round "9.43"]
[White "Kaliakhmet, Elnaz"]
[Black "Temirov, Bakhyt"]
[Result "0-1"]
[WhiteTitle "WFM"]
[BlackTitle "FM"]
[WhiteElo "1818"]
[BlackElo "2166"]
[WhiteFideId "13730169"]
[BlackFideId "13704745"]
[EventDate "2023.07.11"]

1. d4 d6 2. Nc3 Bg4 3. h3 Bh5 4. Nf3 Bxf3 5. exf3 Nf6 6. Ne4 Nbd7 7. Bg5 e6 8.
Bd3 Be7 9. O-O d5 10. Nxf6+ Bxf6 11. Be3 O-O 12. f4 c5 13. c3 cxd4 14. cxd4 g6
15. Rc1 Qb6 16. Qa4 Nb8 17. Rc5 a6 18. Rfc1 Nc6 19. a3 Rfc8 20. b4 Qd8 21. Qc2
Be7 22. Rc3 Na7 23. Qd2 Rxc3 24. Rxc3 Rc8 25. Rxc8 Qxc8 26. a4 Qc6 27. b5 axb5
28. Qa5 Qa6 29. Qc7 Bf8 30. axb5 Nxb5 31. Bxb5 Qxb5 32. Qd8 Qc6 33. f5 exf5 34.
Bh6 Qd6 35. Qe8 b6 36. Kh1 Qe7 37. Qb8 Qd6 38. Qe8 Qb4 39. Qb8 Qe7 40. Bxf8 Qxf8
41. Qxb6 Qe7 42. Qc6 Qe4 43. Qc3 Kg7 44. Kh2 h6 45. Qc5 g5 46. Qc3 h5 47. Qc5 h4
48. Qc3 g4 49. Qc1 Kg6 50. Qc6+ f6 51. Qc8 Qf4+ 52. Kg1 Qxd4 53. Qg8+ Kh6 54.
Qh8+ Kg5 55. Qg7+ Kf4 56. Qc7+ Ke4 57. Qe7+ Qe5 58. Qb4+ d4 59. Qb1+ Kd5 60.
Qb3+ Kd6 61. Qb4+ Ke6 62. Qc4+ Ke7 63. hxg4 fxg4 64. Qb4+ Kf7 65. Qb7+ Kg6 66.
Qc8 g3 67. Qg4+ Qg5 68. Qe4+ Kh6 69. fxg3 hxg3 70. Kf1 Qb5+ 71. Kg1 Kg5 72. Qh7
Qe2 73. Qg7+ Kf4 74. Qh6+ Ke4 75. Qg6+ Ke3 76. Qb1 d3 0-1

[Event "Astana Zhuldyzdary Open A"]
[Site "Astana KAZ"]
[Date "2023.07.17"]
[Round "9.44"]
[White "Irgaliyev, Alikhan"]
[Black "Smirnov, Mark"]
[Result "0-1"]
[BlackTitle "CM"]
[WhiteElo "2082"]
[BlackElo "1931"]
[WhiteFideId "13705610"]
[BlackFideId "13764594"]
[EventDate "2023.07.11"]

1. d4 Nf6 2. c4 e6 3. Nc3 Bb4 4. Qc2 d5 5. a3 Bxc3+ 6. Qxc3 O-O 7. Nf3 Nbd7 8.
Bf4 b6 9. b4 c5 10. e3 Ba6 11. dxc5 bxc5 12. b5 Ne4 13. Qc2 Qa5+ 14. Nd2 Bb7 15.
cxd5 Bxd5 16. f3 e5 17. Bg3 Nxg3 18. hxg3 e4 19. g4 c4 20. Kf2 Qxb5 21. Nxe4 Qb3
22. Qxb3 cxb3 23. Nc3 Be6 24. Bd3 g6 25. Ne4 Rfd8 26. g5 b2 27. Rad1 Ne5 28.
Nf6+ Kf8 29. Be4 Rxd1 30. Rxd1 Rc8 31. Rb1 Rb8 32. f4 Nc4 33. Rh1 Nxa3 34. Rxh7
b1=Q 35. Bxb1 Rxb1 36. g4 Rb2+ 37. Kf3 Rb3 38. Kf2 Nb5 39. e4 Ke7 40. f5 gxf5
41. gxf5 Bc4 42. e5 Nd4 43. Rh8 Rb2+ 44. Ke3 Nxf5+ 45. Ke4 Ke6 46. Re8+ Ne7 47.
Ng8 Rb7 48. Nf6 Bb5 49. Rd8 Bc6+ 50. Kd4 Bd7 51. Rh8 Nc6+ 52. Ke4 Rb4+ 53. Ke3
Nxe5 54. Rh6 Kf5 55. Rh8 Ng4+ 0-1

[Event "Astana Zhuldyzdary Open A"]
[Site "Astana KAZ"]
[Date "2023.07.17"]
[Round "9.47"]
[White "Nauryzgaliev, Amangeldy"]
[Black "Erserik, Adlet"]
[Result "0-1"]
[WhiteElo "1894"]
[BlackElo "1992"]
[WhiteFideId "13707434"]
[BlackFideId "13709658"]
[EventDate "2023.07.11"]

1. d4 d5 2. c4 c6 3. Nf3 Nf6 4. g3 Bf5 5. Bg2 e6 6. O-O h6 7. b3 Nbd7 8. Bb2 Bd6
9. Nbd2 Qb8 10. Re1 Bh7 11. a3 b5 12. cxd5 cxd5 13. b4 a5 14. bxa5 Rxa5 15. Qb3
O-O 16. Bc3 Ra4 17. Bf1 Qa7 18. e3 Rxa3 19. Rxa3 Qxa3 20. Qxa3 Bxa3 21. Bxb5 Rc8
22. Ba5 Bb2 23. Nb1 g5 24. h3 Kg7 25. Nfd2 h5 26. Kf1 Rb8 27. Be2 Rc8 28. Bb5 g4
29. hxg4 hxg4 30. Ke2 Nf8 31. Bd3 Bxd3+ 32. Kxd3 N8h7 33. Bc3 Bxc3 34. Nxc3 Ng5
35. Re2 Ra8 36. Kc2 Ra1 37. Ndb1 Kg6 38. Kb2 Ra8 39. Rc2 Kf5 40. Ne2 Nh3 41.
Nec3 Ne4 42. Nxe4 Kxe4 43. Nd2+ Kd3 44. Nf1 Ra2+ 45. Kxa2 Kxc2 0-1

[Event "Astana Zhuldyzdary Open A"]
[Site "Astana KAZ"]
[Date "2023.07.17"]
[Round "9.48"]
[White "Dushatov, Timur"]
[Black "Karibayev, Dimash"]
[Result "1-0"]
[WhiteElo "1989"]
[BlackElo "1876"]
[WhiteFideId "13781901"]
[BlackFideId "13720333"]
[EventDate "2023.07.11"]

1. Nf3 d6 2. c4 Bg4 3. Nc3 Nf6 4. g3 Bxf3 5. exf3 c5 6. d4 cxd4 7. Qxd4 Nc6 8.
Qd1 g6 9. Bg2 Bg7 10. O-O O-O 11. Be3 Rc8 12. Qd2 Qa5 13. Rac1 h5 14. b3 Rfd8
15. Rfd1 a6 16. Na4 Qxd2 17. Rxd2 Nd7 18. Nb6 Nxb6 19. Bxb6 Rd7 20. f4 Kf8 21.
Rcd1 Bc3 22. Rd3 Bb4 23. c5 Nd8 24. cxd6 Bxd6 25. h4 Rc2 26. R3d2 Rxd2 27. Rxd2
Nc6 28. Kf1 f5 29. Ke2 Ke8 30. Bd5 Bb4 31. Bf7+ Kxf7 32. Rxd7 Ke6 33. Rxb7 Kd6
34. Be3 Ba5 35. a3 Bc3 36. b4 Bb2 37. a4 e6 38. b5 axb5 39. axb5 Nb4 40. b6 Nc6
41. Rh7 Bf6 42. b7 Bd8 43. Ba7 Bc7 44. Bc5+ 1-0

[Event "Astana Zhuldyzdary Open A"]
[Site "Astana KAZ"]
[Date "2023.07.17"]
[Round "9.49"]
[White "Boran, Shyngys"]
[Black "Goganova, Yana"]
[Result "1/2-1/2"]
[BlackTitle "WFM"]
[WhiteElo "1891"]
[BlackElo "1958"]
[WhiteFideId "13715429"]
[BlackFideId "34115428"]
[EventDate "2023.07.11"]

1. e4 c6 2. d4 d5 3. exd5 cxd5 4. Bd3 g6 5. h3 Bg7 6. Nf3 Nc6 7. c3 Nh6 8. O-O
O-O 9. Bf4 f6 10. c4 Nf7 11. cxd5 Nb4 12. Nc3 Nxd5 13. Nxd5 Qxd5 14. Qe2 g5 15.
Bc4 Qd8 16. Bg3 g4 17. hxg4 Bxg4 18. Rad1 Kh8 19. Rfe1 Nd6 20. Bxd6 exd6 21. Be6
f5 1/2-1/2

[Event "Astana Zhuldyzdary Open A"]
[Site "Astana KAZ"]
[Date "2023.07.17"]
[Round "9.50"]
[White "Amangeldy, Ernur"]
[Black "Tleukhanov, Yerlan"]
[Result "1-0"]
[WhiteElo "1932"]
[BlackElo "1853"]
[WhiteFideId "13720244"]
[BlackFideId "13749692"]
[EventDate "2023.07.11"]

1. d4 Nf6 2. Nf3 e6 3. g3 d5 4. Bg2 Be7 5. c4 O-O 6. O-O dxc4 7. a4 Nc6 8. Na3
Na5 9. Rb1 Nd5 10. Qc2 b6 11. Bd2 c3 12. Bxc3 Nxc3 13. Qxc3 Bb7 14. Rfd1 Be4 15.
Rbc1 Qd5 16. Nb5 Rac8 17. Qe3 Nc4 18. Qb3 Na5 19. Qxd5 Bxd5 20. Nxa7 Ra8 21.
Rxc7 Bd6 22. Rd7 Bb8 23. Nb5 Nc4 24. b3 Bc6 25. Re7 Nd6 26. Nd2 Bxg2 27. Kxg2
Nxb5 28. axb5 Ra5 29. Nc4 Rxb5 30. Rd3 Rb4 31. Rb7 Rc8 32. Ne3 Rd8 33. d5 e5 34.
d6 Kf8 35. d7 Rd4 36. Rxd4 exd4 37. Nc4 Ke7 38. Nxb6 Ke6 39. f4 Bd6 40. Kf3 f5
41. Nc4 Be7 42. Ne5 Bf6 43. Rb6+ Kd5 44. Rb5+ Ke6 45. Rc5 Bxe5 46. Rxe5+ Kd6 47.
Rxf5 Rxd7 48. Ke4 Ke6 49. Re5+ Kf6 50. b4 Rd8 51. b5 Rd6 52. Kd3 h6 53. Rc5 Rd7
54. b6 g5 55. Rb5 Rb7 56. Kxd4 gxf4 57. gxf4 Ke6 58. f5+ Kd6 59. e4 Kc6 60. Rb1
Rd7+ 1-0

[Event "Astana Zhuldyzdary Open A"]
[Site "Astana KAZ"]
[Date "2023.07.17"]
[Round "9.51"]
[White "Volchkova, Alena"]
[Black "Sovetbekova, Nurai"]
[Result "1/2-1/2"]
[BlackTitle "WFM"]
[WhiteElo "1824"]
[BlackElo "1823"]
[WhiteFideId "54104408"]
[BlackFideId "13801910"]
[EventDate "2023.07.11"]

1. e4 c5 2. Nf3 Nc6 3. Bb5 g6 4. Bxc6 bxc6 5. O-O Bg7 6. Re1 Qc7 7. c3 d6 8. h3
Nf6 9. d4 cxd4 10. cxd4 O-O 11. Nc3 c5 12. Bg5 cxd4 13. Bxf6 dxc3 14. Bxg7 Kxg7
15. Rc1 Qb6 16. b3 Bb7 17. Rxc3 Rac8 18. Rce3 Rfd8 19. Qa1+ Kg8 20. Nd4 e5 21.
Nf3 Rc2 22. R1e2 Rdc8 23. Rxc2 Rxc2 24. Ne1 Rd2 25. Nf3 Rc2 26. Ne1 Rc6 27. Kh2
Qc7 28. Qd1 Rc1 29. Qd2 Kg7 30. h4 h5 31. Qe2 Qe7 32. Nf3 Qc7 33. Ne1 Bc8 34.
Qd2 Bg4 35. Rd3 Rc6 36. Qe3 Qe7 37. g3 Qc7 38. Qd2 Bc8 39. Qg5 Qd7 40. Rf3 Qe6
41. Nd3 Rc2 42. a4 Re2 43. g4 hxg4 44. Rg3 Qf6 45. Re3 Qxg5 46. hxg5 Rxe3 47.
fxe3 f5 48. gxf6+ Kxf6 49. Kg3 Be6 50. b4 Bb3 51. Nb2 Bc2 52. b5 Bxe4 53. a5 Ke6
54. a6 Kd7 55. Nc4 Kc7 56. Kxg4 Bd3 57. b6+ axb6 58. a7 Kb7 59. Nxb6 Kxa7 60.
Nc8+ Kb7 61. Nxd6+ Kc6 62. Nf7 Kd5 63. Ng5 Be2+ 64. Kg3 Kc4 65. Nf7 Kd5 66. Ng5
Bd1 67. Nh7 Ke4 68. Kf2 Kf5 69. Kg3 Bc2 70. Nf8 Ba4 71. Nh7 Be8 72. Nf8 g5 73.
Nh7 Bc6 74. Nf8 Bb5 75. Nh7 Bd3 76. Nf8 Bb5 77. Nh7 Bd3 1/2-1/2

[Event "Astana Zhuldyzdary Open A"]
[Site "Astana KAZ"]
[Date "2023.07.18"]
[Round "10.3"]
[White "Muradli, Mahammad"]
[Black "Rakhmanov, Aleksandr"]
[Result "1/2-1/2"]
[WhiteTitle "GM"]
[BlackTitle "GM"]
[WhiteElo "2546"]
[BlackElo "2620"]
[WhiteFideId "13409301"]
[BlackFideId "4173708"]
[EventDate "2023.07.11"]

1. d4 d5 2. c4 e6 3. Nf3 Nf6 4. g3 a6 5. Bg2 dxc4 6. Ne5 c5 7. Na3 cxd4 8. Naxc4
Bc5 9. O-O O-O 10. Bd2 Nd5 11. Rc1 Nd7 12. Nd3 Ba7 13. Bxd5 exd5 14. Nd6 Nc5 15.
Bb4 Nxd3 16. Qxd3 Qf6 17. Ba3 Rd8 18. Nxc8 Raxc8 19. Rc2 b5 20. Bb4 Rc4 21. Bd2
Rdc8 22. Rcc1 Qg6 23. b3 Rc2 24. Rxc2 Rxc2 25. Rc1 Rxc1+ 26. Bxc1 Qe4 27. f3 Qe6
28. Bb2 h6 29. Kf1 Qh3+ 30. Kg1 Qe6 31. Kf1 Qh3+ 1/2-1/2

[Event "Astana Zhuldyzdary Open A"]
[Site "Astana KAZ"]
[Date "2023.07.18"]
[Round "10.4"]
[White "Zhalmakhanov, Ramazan"]
[Black "Ansat, Aldiyar"]
[Result "1-0"]
[WhiteTitle "IM"]
[BlackTitle "IM"]
[WhiteElo "2413"]
[BlackElo "2400"]
[WhiteFideId "13706357"]
[BlackFideId "13715658"]
[EventDate "2023.07.11"]

1. e4 c5 2. Nf3 Nc6 3. Bb5 e6 4. Bxc6 bxc6 5. d3 Ne7 6. Nbd2 d6 7. e5 Ng6 8. h4
Nxe5 9. Nxe5 dxe5 10. Qe2 Be7 11. Qxe5 O-O 12. Nc4 f6 13. Qe2 Qd5 14. f3 Bd6 15.
Nxd6 Qxd6 16. Be3 Qe5 17. c4 Rb8 18. O-O-O Rf7 19. Rd2 Rfb7 20. Rc2 Qd6 21. Rd1
e5 22. Qf2 Bf5 23. g4 Be6 24. Bxc5 Qd8 25. Qe3 Qa5 26. b3 Re8 27. Kb2 Rf7 28.
Re2 Qc7 29. d4 Rd7 30. Rde1 Bf7 31. Qc3 Red8 32. dxe5 fxe5 33. Bb4 Rd3 34. Ba5
Qb8 35. Qxe5 Qxe5+ 36. Rxe5 Rb8 37. Rf5 Bxc4 38. Re7 Rd5 39. Bc3 Rxf5 40. Rxg7+
Kf8 41. gxf5 Rb5 42. Rxa7 Be2 43. f6 Rh5 44. f4 1-0